000
00318nam a2200109Ia 4500
008
200302s9999 xx 000 0 und d
100
_a
Thomas Obermeyer
245
_a
Architectural Drafting Residential and Commercial Indian Edition
260
_b
Mcgraw- hill International Book co.,
260
_c
1993
300
_a
29-30
999
_c
3662
_d
3662